| 000 | 00833nam a2200265 4500 | ||
|---|---|---|---|
| 999 |
_c24093 _d24093 |
||
| 001 | vtls012272864 | ||
| 005 | 20251215130921.0 | ||
| 008 | 250307s2024 xo g 000 f slo | ||
| 020 |
_a9788055662411 _q(viazané) |
||
| 040 |
_aSNK _bslo _cSNK _erda |
||
| 041 | 1 |
_aslo _heng |
|
| 044 |
_axo _cSK |
||
| 072 | 7 | _2konspekt | |
| 080 | _22011 | ||
| 100 | 1 |
_aPamuk, Orhan, _d1952- _4aut _4bjd _95363 |
|
| 240 | 1 | 0 |
_aNights of Plague _lSlovensky |
| 245 | 1 | 0 |
_aMorové noci _cOrhan Pamuk ; z autorizovaného anglického prekladu preložil Otto Havrila |
| 264 | 1 |
_aBratislava _bSlovart _c2024 |
|
| 300 |
_a613 strán _bmapa _c22 cm |
||
| 336 |
_atext _btxt _2rdacontent |
||
| 337 |
_abez média _bn _2rdamedia |
||
| 338 |
_azväzok _bnc _2rdacarrier |
||
| 700 | 1 |
_aHavrila, Otto, _d1963- _4trl _92534 |
|